000
00249nam a2200097Ia 4500
001
641175
005
20250826153502.0
008
250824s9999 xx 000 0 und d
245
0
_a
MARTI KİMYASALLAR VE MADDELER HER DENEY BİR EĞLEN
260
_b
MARTI
999
_c
641175
_d
641175